Hospodářský a měnový vývoj ČR v roce 1995
Charakteristika hospodárskeho a menového vývoja v ČR v roku 1995. Analýza jednotlivých makroekonomických ukazovateľov.
Saved in:
| Main Author: | |
|---|---|
| Format: | Book Chapter |
| Language: | Czech |
| Subjects: | |
| Tags: |
No Tags, Be the first to tag this record!
|
MARC
| LEADER | 00000naa a2200000 4500 | ||
|---|---|---|---|
| 001 | r022578 | ||
| 005 | 20230418123700.5 | ||
| 041 | 0 | |a cze | |
| 044 | |a CZ | ||
| 245 | 1 | 0 | |a Hospodářský a měnový vývoj ČR v roce 1995 |c Slavoj Czesaný |
| 520 | |a Charakteristika hospodárskeho a menového vývoja v ČR v roku 1995. Analýza jednotlivých makroekonomických ukazovateľov. | ||
| 610 | 2 | 0 | |a vývoj hospodársky |
| 610 | 2 | 0 | |a vývoj menový |
| 610 | 2 | 0 | |a Česko |
| 610 | 2 | 0 | |a 1995 |
| 610 | 2 | 0 | |a ukazovatele ekonomické |
| 610 | 2 | 0 | |a rast hospodársky |
| 610 | 2 | 0 | |a výroba priemyselná |
| 610 | 2 | 0 | |a kapitál zahraničný |
| 610 | 2 | 0 | |a inflácia |
| 100 | 1 | |a Czesaný, Slavoj | |